Impex supplement 1960-62: (Record no. 17947)
[ view plain ]
| 000 -LEADER | |
|---|---|
| fixed length control field | 00500nam a22001457a 4500 |
| 008 - FIXED-LENGTH DATA ELEMENTS--GENERAL INFORMATION | |
| fixed length control field | 230403b |||||||| |||| 00| 0 eng d |
| 040 ## - CATALOGING SOURCE | |
| Original cataloging agency | National Science Library |
| Transcribing agency | National Science Library |
| 080 ## - UNIVERSAL DECIMAL CLASSIFICATION NUMBER | |
| Universal Decimal Classification number | 015(540) |
| Item number | K2 |
| 245 ## - TITLE STATEMENT | |
| Title | Impex supplement 1960-62: |
| Remainder of title | Reference catalogue of Indian books |
| Statement of responsibility, etc. | / Indian Book Export & Import Co. |
| 260 ## - PUBLICATION, DISTRIBUTION, ETC. | |
| Place of publication, distribution, etc. | New Delhi: |
| Name of publisher, distributor, etc. | Indian Book Export & Import Co., |
| Date of publication, distribution, etc. | 1962 |
| 300 ## - PHYSICAL DESCRIPTION | |
| Extent | 219p. |
| 365 ## - TRADE PRICE | |
| Price amount | 40.00 |
| Currency code | INR |
| 653 ## - INDEX TERM--UNCONTROLLED | |
| Uncontrolled term | Reference catalogue |
| 942 ## - ADDED ENTRY ELEMENTS (KOHA) | |
| Source of classification or shelving scheme | Universal Decimal Classification |
| Koha item type | Books |
| Withdrawn status | Lost status | Source of classification or shelving scheme | Damaged status | Not for loan | Home library | Current library | Shelving location | Date acquired | Total Checkouts | Full call number | Barcode | Date last seen | Price effective from | Koha item type |
|---|---|---|---|---|---|---|---|---|---|---|---|---|---|---|
| Universal Decimal Classification | National Science Library | National Science Library | GF/Rk-4/C-21/R-6 | 21/10/1964 | 015(540) K2 | 10221 | 03/04/2023 | 21/10/1964 | Books |